000 00491nam a2200181Ia 4500
005 20250508150859.0
008 008 250505s9999 xx 000 0 eng d
037 _aTextual
040 _aFEDL
_beng
_cFEDL
041 _aeng
_2eng
084 _a372.891, ALN
_qFEDL
100 _aAlnwick H
245 0 _aOur food and our clothes
260 _aLondon, UK
_bGeorge G Harrap and Co Ltd.
_c1951
300 _a84p.
942 _cTEXL
_h372.891, ALN
999 _c1326288
_d1326288